00734nam a2200169 a 450000100100000000500170001000800410002704000250006811000630009324501440015626000700030030000170037050500230038770000320041095201050044299900170054700003876120201002031349.0130422s1976 ve 000 0 spa d aDO-SdBNPbspacBNPHU2 aVenezuela.bContraloría General de la República96506210aDictámenes de la consultoría jurídica de la contraloría general de la República, 1969-1976 /cpresentación José Muci-Abraham. aCaracas, Venezuela :bEdiciones de la Contraluria General,c1976. av. ;c24 cm.0 gv. 5t1969-1976 --1 aMuci-Abraham, José965063 001050718MOaGRbGRcCTd2013-04-22iLF1l0o p38761-10r2020-06-25w2020-06-25y1ZNo se presta c38251d38251